| 000 | 00906nam a2200193 a 4500 | ||
|---|---|---|---|
| 001 | 000723318 | ||
| 003 | AM-YeHGA | ||
| 005 | 20250617142953.0 | ||
| 008 | 100324s1985 ||| r 000 0 rus d | ||
| 040 | _aAM-YeHGA | ||
| 041 | 0 | _arus | |
| 245 | 0 | 0 |
_aЭлектрооборудование промышленных установок : _bМежвузовский сборник / _cГорьков. политехн. ин-т им. А.А. Жданова; Редкол.: С.В. Хватов (отв. ред.) и др. |
| 260 |
_aГорький : _bГПИ, _c1985. |
||
| 300 |
_a178 с. : _bил. |
||
| 653 | 0 | _aЭлектрические установки промпредприятий | |
| 700 | 1 |
_aХватов, Станислав Вячеславович _eред. _4edt |
|
| 710 | 2 | _aГорьковский политехнический институт им. А.А. Жданова | |
| 090 | _c268902 | ||
| 999 |
_c267267 _d267267 |
||